书目信息 |
| 题名: |
城市建筑美学
|
|
| 作者: | 谭元亨 著 | |
| 分册: | ||
| 出版信息: | 广州 华南理工大学出版社 2005.12 |
|
| 页数: | 263页 | |
| 开本: | 21cm | |
| 丛书名: | ||
| 单 册: | ||
| 中图分类: | TU-80 | |
| 科图分类: | ||
| 主题词: | 城市--cheng shi--建筑美学 | |
| 电子资源: | ||
| ISBN: | 7-5623-2089-6 | |
| 000 | 00701nam0 2200217 450 | |
| 001 | 012006257747 | |
| 005 | 20060321164502.79 | |
| 010 | @a7-5623-2089-6@dCNY23.00 | |
| 100 | @a20060321d2005 km y0chiy0120 ea | |
| 101 | 0 | @achi |
| 102 | @aCN@b440000 | |
| 105 | @aa z 000yy | |
| 200 | 1 | @a城市建筑美学@Acheng shi jian zhu mei xue@f谭元亨著@Ftan yuan heng zhu |
| 210 | @a广州@c华南理工大学出版社@d2005.12 | |
| 215 | @a263页@c图@d21cm | |
| 330 | @a本书内容包括:"艺术中的艺术"、"立象与造境"、"建筑语言"、"中和之美"、"生态:自然与人"等。 | |
| 606 | 0 | @a城市@Acheng shi@x建筑美学 |
| 690 | @aTU-80@v4 | |
| 701 | 0 | @a谭元亨@Atan yuan heng@4著 |
| 801 | 0 | @aCN@bQSSK@c20060321 |
| 905 | @a10447@dTU-80@eT142 | |
| 城市建筑美学/谭元亨著.-广州:华南理工大学出版社,2005.12 |
| 263页:图;21cm |
| ISBN 7-5623-2089-6:CNY23.00 |
| 本书内容包括:"艺术中的艺术"、"立象与造境"、"建筑语言"、"中和之美"、"生态:自然与人"等。 |
| ● |
| 相关链接 |
|
|
|
正题名:城市建筑美学
索取号:TU-80/T142
 
预约/预借
| 序号 | 登录号 | 条形码 | 馆藏地/架位号 | 状态 | 备注 |
| 1 | 556434 | 205564343 | 建筑库101/101建筑库 16排1列5层/ [索取号:TU-80/T142] | 在馆 | |
| 2 | 556435 | 205564352 | 建筑库101/101建筑库 16排1列5层/ [索取号:TU-80/T142] | 在馆 | |
| 3 | 556436 | 205564361 | 建筑库101/101建筑库 16排2列5层/ [索取号:TU-80/T142] | 在馆 |